Základy počítačového publikování /

Hlavní autor: Vostrovský, Václav
Korporativní autor: Česká zemědělská univerzita v Praze. Katedra informačního inženýrství
Jazyk: Čeština
Vydáno: Praha : Credit, 2003
Vydání: Vyd. 1.
Témata:
Externí odkaz: Digitalizovaný dokument
Fyzický popis: 206 s. : il. ; 29 cm
Knihy
Uloženo v:
LEADER 01804nam a2200409 a 4500
001 000705940
003 CZ BrMZK
005 20230716124336.0
007 ta
008 040210s2003 xr a e p 000 0 cze d
015 |a cnb001287458 
020 |a 80-213-1036-7  |q (brož.) :  |c Kč 103,00 
020 |a 978-80-213-1036-0  |q (1. dotisk 2008 :  |q brož.) 
035 |a (OCoLC)56869139 
040 |a BOA001  |b cze 
072 7 |a 004.9  |x Speciální počítačové metody. Počítačová grafika  |2 Konspekt  |9 23 
072 7 |a 37.016  |x Učební osnovy. Vyučovací předměty. Učebnice  |2 Konspekt  |9 22 
080 |a 004.9:655.2  |2 MRF 
080 |a 004.915  |2 MRF 
080 |a (075.8)  |2 MRF 
100 1 |a Vostrovský, Václav  |7 jn20001103443  |4 aut 
245 1 0 |a Základy počítačového publikování /  |c Václav Vostrovský 
250 |a Vyd. 1. 
260 |a Praha :  |b Credit,  |c 2003 
300 |a 206 s. :  |b il. ;  |c 29 cm 
500 |a Vydavatel: Česká zemědělská univerzita v Praze. Provozně ekonomická fakulta. Katedra informačního inženýrství 
500 |a 200 výt. 
521 |a Určeno pro posluchače všech oborů ČZU 
650 0 7 |a desktop publishing  |7 ph116978  |2 czenas 
650 0 7 |a počítačová typografie  |7 ph115865  |2 czenas 
655 7 |a učebnice vysokých škol  |7 fd133772  |2 czenas 
710 2 |a Česká zemědělská univerzita v Praze.  |b Katedra informačního inženýrství  |7 kn20020321442 
856 4 1 |u http://www.digitalniknihovna.cz/mzk/uuid/uuid:d6502a80-eabe-11e2-9923-005056827e52  |y Digitalizovaný dokument  |x NDK 
910 |a BOA001  |b 3-1128.944 
990 |a BK 
996 6 |b 2610212316  |c 3-1128.944  |l MZK  |r Sklad / do 1 hodiny  |n 0  |p p.v.  |w 000705940  |u 000010  |a 1  |e BOA001  |j MZK50  |s P 
996 7 |b 2610346195  |c 3-1128.944  |l MZK  |r Sklad / do 1 hodiny  |n 7  |p p.v.  |w 000705940  |u 000020  |a 1  |e BOA001  |j MZK50  |s A